| 000 | 01210pam a2200289 a 4500 | ||
|---|---|---|---|
| 999 |
_c232498 _d232498 |
||
| 001 | 952386 | ||
| 003 | Nust | ||
| 005 | 20170220100523.0 | ||
| 008 | 840918s1985 nyu j 001 0 eng | ||
| 010 | _a 84020755 | ||
| 020 |
_a9780195067613 _c$18.95 |
||
| 040 |
_aDLC _cDLC _dDLC |
||
| 042 | _alcac | ||
| 050 | 0 | 0 |
_aPS586.3 _b.O94 1985 |
| 082 | 0 | 0 |
_a811.00809282 _bHAL |
| 245 | 0 | 4 |
_aThe Oxford book of children's verse in America / _cedited by Donald Hall. |
| 260 |
_aNew York : _bOxford University Press, _c1985. |
||
| 300 |
_axxxviii, 319 p. ; _c23 cm. |
||
| 500 | _aCompanion volume to: The Oxford book of children's verse. | ||
| 500 | _aIncludes indexes. | ||
| 520 | _aA collection of American poems written for children or traditionally enjoyed by children, by such authors as Longfellow, Poe, Eugene Field, Langston Hughes, Dr. Seuss, and Jack Prelutsky. | ||
| 650 | 0 | _aChildren's poetry, American. | |
| 650 | 1 |
_aAmerican poetry _xCollections. |
|
| 700 | 1 |
_aHall, Donald, _d1928- |
|
| 856 | 4 | 2 |
_3Publisher description _uhttp://www.loc.gov/catdir/enhancements/fy0603/84020755-d.html |
| 906 |
_a7 _bcbc _corignew _d1 _eocip _f19 _gy-gencatlg |
||
| 942 |
_2ddc _cBK |
||